In Wembo-Nyama's land, (Record no. 60409)
[ view plain ]
| 000 -LEADER | |
|---|---|
| fixed length control field | 00964cam a22002411 4500 |
| 001 - CONTROL NUMBER | |
| control field | 8722757 |
| 003 - CONTROL NUMBER IDENTIFIER | |
| control field | OSt |
| 005 - DATE AND TIME OF LATEST TRANSACTION | |
| control field | 20141006093151.0 |
| 008 - FIXED-LENGTH DATA ELEMENTS--GENERAL INFORMATION | |
| fixed length control field | 801114s1921 tnucf 000 0 eng |
| 010 ## - LIBRARY OF CONGRESS CONTROL NUMBER | |
| LC control number | 21011796 |
| 035 ## - SYSTEM CONTROL NUMBER | |
| System control number | (OCoLC)6937201 |
| 040 ## - CATALOGING SOURCE | |
| Original cataloging agency | DLC |
| Transcribing agency | TNJ |
| Modifying agency | OCoLC |
| -- | DLC |
| 050 00 - LIBRARY OF CONGRESS CALL NUMBER | |
| Classification number | BV3625.K6 |
| Item number | R4 |
| 100 1# - MAIN ENTRY--PERSONAL NAME | |
| Personal name | Reeve, Thomas Ellis. |
| 9 (RLIN) | 32109 |
| 245 10 - TITLE STATEMENT | |
| Title | In Wembo-Nyama's land, |
| Remainder of title | a story of the thrilling experiences in establishing the Methodist mission among the Atetela, |
| Statement of responsibility, etc | by the Reverend Thomas Ellis Reeve. |
| 260 ## - PUBLICATION, DISTRIBUTION, ETC. (IMPRINT) | |
| Place of publication, distribution, etc | Nashville, Tenn., |
| -- | Dallas, Tex. [etc.] |
| Name of publisher, distributor, etc | Publishing House of the M.E. Church, South, |
| Date of publication, distribution, etc | 1921. |
| 300 ## - PHYSICAL DESCRIPTION | |
| Extent | 208 p. |
| Other physical details | front. (group port.) plates. |
| Dimensions | 20 cm. |
| 610 20 - SUBJECT ADDED ENTRY--CORPORATE NAME | |
| Corporate name or jurisdiction name as entry element | Methodist Episcopal Church, South |
| General subdivision | Missions. |
| 9 (RLIN) | 32110 |
| 650 #0 - SUBJECT ADDED ENTRY--TOPICAL TERM | |
| Topical term or geographic name as entry element | Missions |
| Geographic subdivision | Congo (Democratic Republic) |
| 9 (RLIN) | 32111 |
| 651 #0 - SUBJECT ADDED ENTRY--GEOGRAPHIC NAME | |
| Geographic name | Congo (Democratic Republic) |
| General subdivision | Social conditions. |
| 9 (RLIN) | 32112 |
| 906 ## - LOCAL DATA ELEMENT F, LDF (RLIN) | |
| a | 7 |
| b | cbc |
| c | oclcrpl |
| d | u |
| e | ncip |
| f | 19 |
| g | y-gencatlg |
| 942 ## - ADDED ENTRY ELEMENTS (KOHA) | |
| Source of classification or shelving scheme | Library of Congress Classification |
| Koha item type | Books |
| Withdrawn status | Lost status | Source of classification or shelving scheme | Damaged status | Not for loan | Collection code | Home library | Current library | Shelving location | Date acquired | Source of acquisition | Cost, normal purchase price | Total Checkouts | Full call number | Barcode | Date last seen | Copy number | Price effective from | Koha item type |
|---|---|---|---|---|---|---|---|---|---|---|---|---|---|---|---|---|---|---|
| Library of Congress Classification | General Circulation | AIU/NEGST - Tony Wilmot Memorial Library | AIU/NEGST - Tony Wilmot Memorial Library | General Stacks | 10/06/2014 | Donation-TBN | 6.00 | BV 3625.K6R4 1921 | R30709X3232 | 09/26/2019 | 1 | 10/06/2014 | Books |
